Safar tin darveshon ka (Record no. 610848)

000 -LEADER
fixed length control field 00350nam a22001337a 4500
020 ## - INTERNATIONAL STANDARD BOOK NUMBER
International Standard Book Number 969350741X
040 ## - CATALOGING SOURCE
Transcribing agency Nust
082 ## - DEWEY DECIMAL CLASSIFICATION NUMBER
Classification number 910.4
Author Mark MOH
100 ## - MAIN ENTRY--PERSONAL NAME
Personal name Mamunka, Muhammad Akhtar
9 (RLIN) 125094
245 ## - TITLE STATEMENT
Title Safar tin darveshon ka
260 ## - PUBLICATION, DISTRIBUTION, ETC.
Place of publication, distribution, etc. Lahore;
Name of publisher, distributor, etc. Sang-i Mil Pablikeshanz,
Date of publication, distribution, etc. 2002.
650 ## - SUBJECT ADDED ENTRY--TOPICAL TERM
Topical term or geographic name entry element Safar tin darveshon ka
9 (RLIN) 125095
942 ## - ADDED ENTRY ELEMENTS (KOHA)
Source of classification or shelving scheme
Koha item type Book

No items available.

© 2023 Central Library, National University of Sciences and Technology. All Rights Reserved.